|
|
|
|
| LEADER |
00000cam a2200000 a 4500 |
| 001 |
vtls001385267 |
| 003 |
SK-MaSNL |
| 005 |
20260301161454.0 |
| 008 |
240226s1999 xo fr 100 0 slo |
| 015 |
|
|
|a SNBA2000/05-01838
|
| 020 |
|
|
|a 8085256762
|c 19,00 Sk
|
| 035 |
|
|
|a SNK000339394
|
| 035 |
|
|
|a urn:nbn:sk:snk-amkkts
|
| 035 |
|
|
|a urn:nbn:sk:snk-am003d1t
|
| 035 |
|
|
|a B26B0EFE-4D73-4564-AF2F-29E98258E303
|
| 040 |
|
|
|a SNK
|b slo
|c SNK
|e AACR2
|
| 041 |
0 |
|
|a slo
|
| 044 |
|
|
|a xo
|c SK
|
| 080 |
|
|
|a 885.4-845\
|2 1981
|
| 245 |
0 |
0 |
|a Humor v otázkach
|b 400 vtipov
|
| 260 |
|
|
|a Bratislava
|b Tibor Hradecký
|c 1999
|
| 300 |
|
|
|a 36 s.
|c 21 cm
|
| 650 |
0 |
7 |
|a vtipy
|x zbierky
|2 SNK
|9 391405
|
| 655 |
|
7 |
|a zborníky konferencií
|2 SNKPH
|9 70153
|
| 655 |
|
7 |
|a príručky
|2 SNK
|9 74364
|
| 919 |
|
|
|a 80-85256-76-2
|
| 958 |
|
|
|a OND
|
| 958 |
|
|
|a TL
|
| 958 |
|
|
|a BQ
|
| 999 |
|
|
|c 809582
|d 811512
|
| 952 |
|
|
|t P60, <03>, [BOOK], {603}
|a SNK
|b SNK
|y PREZ
|7 0
|p 17A0232421
|o snkSC 101132
|i snkKSP 3092/2000
|0 0
|1 0
|4 0
|d 2000-03-20
|f 1
|l 0
|r 2025-09-19 00:00:00
|w 2026-02-24
|
| 952 |
|
|
|t P60, <04>, [BOOK], {604}
|a SNK
|b SNK
|y VYP
|7 0
|p 17A0232422
|o snkSC 101132 D1
|i snkKSP 3093/2000
|0 0
|1 0
|4 0
|d 2000-03-20
|l 0
|r 2005-01-02 00:00:00
|w 2026-02-24
|